000 00477nam a2200145Ia 4500
008 100204s9999 xx 000 0 und d
082 _b20132
100 _aसावंत सुनील
245 _aस्नेह सोबती
260 _b"चिंतामणी साहित्य सहयोग , कुडाळ"
_c1997
300 _a128
630 _aस्नेह सोबती
730 _aस्नेह सोबती
942 _cBOOK
999 _c464554
_d464551